000 02043cam a22004574i 4500
003 PE-LiUPU
005 20250731183348.0
008 100923s2011 ja a r 000 0 eng
020 _a0804841519
_q(hardcover)
020 _a9780804841511
_q(hardcover)
035 _a(Sirsi) i9780804841511
040 _aDLC
_bspa
_erda
_cDLC
_dIG#
_dBTCTA
_dIEB
_dVP@
_dTRCLS
_dBDX
_dILC
_dOCLCF
_dYDXCP
_dNYP
_dABG
_dPE-LiUPU
050 0 0 _aTT870
_b.S72745 2011
082 0 0 _a736.982
_bS79
_222
100 1 _aStern, Scott Wasserman,
_eautor.
245 1 0 _aOutside the box origami :
_ba new generation of extraordinary folds /
_cScott Wasserman Stern.
246 3 0 _aOrigami
250 _aFirst edition.
264 1 _aTokyo ; Rutland, Vt. :
_bTuttle Publishing,
_c[2011]
264 4 _c©2011
300 _a112 páginas :
_bcolor ilustraciones ;
_c29 centímetros.
336 _atext
_2rdacontent
337 _aunmediated
_2rdamedia
338 _avolume
_2rdacarrier
505 0 _aBasic origami symbols and folds -- Simple folds -- Intermediate folds -- Advanced folds -- Expert folds.
520 _aWasserman presents original, whimsical paperfolds ranging from the simple to the complex. He features a mix of single-sheet and modular origami models accompanied by photos and easy-to-follow diagrams.
526 _aP158
526 _aP146
526 _aP17
526 _aP12
526 _aP06
541 _g003-001196;
650 0 _aOrigami.
650 7 _aOrigami.
_2fast
_0(OCoLC)fst01048174
910 _ajck
_bebj
_cebj
_d20160628
942 _2ddc
_cBOOK
949 _a736.982 S79
_wDEWEY
_c1
_i73802
_d2016-12-12
_e2016-12-1
_lCCODEBUL1
_mBUL
_n1
_p12.50
_r0
_sY
_tBOOK
_u2016-6-28
_xINGENIERIA
_PP06
_0COMPRA
_o.STAFF. Colección General
994 _aC0
_bPEPRU
596 _a1
999 _a736.982 S79
_wDEWEY
_c10248
_i73802
_d10248
_e2019-10-27
_f2021-11-10
_g7
_lCCODEBUL1
_mBUL
_n4
_p12.50
_r0
_sY
_tBOOK
_u2016-6-28
_xINGENIERIA
_PP06
_0COMPRA
_o.STAFF. Colección General
980 _81
_gALBERTO SANCHEZ Responsable de Automatización